00780 2200193 4500245007900000020002200079250001100101100001600112700001200128650002700140650001800167005001900185260003700204041001400241084001200255300002600267500028400293336000900577 aNilai - nilai Proklamasi Kemerdekaan Bagi Generasi MudacAkmal SatiahText a978-602-7503-04-5 aCet. 1 aAkmal Satia aKuncoro aProklamasi Kemerdekaan aGenerasi Muda a20230926133117 aBekasibArlindo Grafimediac2012 aIndonesia a959.803 aiv, 68 hlm. :c21 cm. aProklamasi kemerdekaan Republik Indonesia merupakan hasil jerih payah bangsa Indonesia sendiri yang didorong oleh rahmat Tuhan Yang Maha Esa dan bukanlah hadiah atau pemerian dari negara lain. Dalam buku ini dijelaskan perjalanan panjang bangsa Indonesia untuk memerdekakan diri. atext